Introduction to sociology (Record no. 8834)

000 -LEADER
fixed length control field 00316nam a2200145 4500
003 - CONTROL NUMBER IDENTIFIER
control field OSt
005 - DATE AND TIME OF LATEST TRANSACTION
control field 20210223165335.0
008 - FIXED-LENGTH DATA ELEMENTS--GENERAL INFORMATION
fixed length control field 210223b ||||| |||| 00| 0 eng d
020 ## - INTERNATIONAL STANDARD BOOK NUMBER
International Standard Book Number 9781593995843
082 ## - DEWEY DECIMAL CLASSIFICATION NUMBER
Classification number 301
245 ## - TITLE STATEMENT
Title Introduction to sociology
250 ## - EDITION STATEMENT
Edition statement 2nd
260 ## - PUBLICATION, DISTRIBUTION, ETC. (IMPRINT)
Name of publisher, distributor, etc Rice university
942 ## - ADDED ENTRY ELEMENTS (KOHA)
Source of classification or shelving scheme
Holdings
Withdrawn status Lost status Source of classification or shelving scheme Damaged status Koha normalized classification for sorting Not for loan Permanent location Current location Date acquired Total Checkouts Full call number Barcode Date last seen Date last borrowed Price effective from Koha item type Public note Source of acquisition Cost, normal purchase price Cost, replacement price
        301_000000000000000   BMS College of Architecture, Design and Planning BMS College of Architecture, Design and Planning 2021-02-23 2 301 AR-UG2153 2025-07-14 2025-07-14 2021-02-23 UG Books S-09      
        301_000000000000000   BMS College of Architecture, Design and Planning BMS College of Architecture, Design and Planning 2021-02-23 1 301 AR-UG2154 2023-12-22 2023-12-21 2021-02-23 UG Books S-09      
        301_000000000000000_OPE   BMS College of Architecture, Design and Planning BMS College of Architecture, Design and Planning 2022-03-14 2 301 OPE AR-UG3018 2025-08-30 2025-08-28 2023-03-19 UG Books S-09 1 2885.79 3847.72
Copyright © 2025, The Librarian, Library and Information Centre, BMSCA D&P, Bengaluru. All Rights Reserved
web counter

Powered by Koha